Statistics for NFL Top 100 Players of 2018

Click here to take the quiz!

General Stats

  • This quiz has been taken 3,386 times
  • The average score is 71 of 100

Answer Stats

RankPositonTeamAnswer% Correct
1QBNETom Brady
100%
2WRPITAntonio Brown
99%
10QBGBAaron Rodgers
98%
8QBNODrew Brees
98%
4WRATLJulio Jones
98%
3QBPHICarson Wentz
97%
11QBSEARussel Wilson
97%
28DEARIChandler Jones
96%
15TENERob Gronkowski
96%
7DTLARAaron Donald
95%
13WRHOUDeandre Hopkins
95%
5RBPITLe’Veon Bell
95%
6RBLARTodd Gurley
95%
9LBDENVon Miller
95%
25QBCARCam Newton
92%
24TEKCTravis Kelce
92%
20RBNOAlvin Kamara
91%
29QBATLMatt Ryan
91%
22WRCINA.J. Green
90%
17CBJAXJalen Ramsey
90%
31QBDETMatthew Stafford
90%
84DEHOUJ.J. Watt
89%
38QBLARJared Goff
87%
27WRARILarry Fitzgerald
87%
40WRKCTyreek Hill
87%
18QBPITBen Roethlisberger
86%
16DEOAKKhalil Mack
86%
50QBHOUDeshaun Watson
85%
42SSEAEarl Thomas
84%
46SMINHarrison Smith
84%
79CBKCMarcus Peters
84%
81WRNOMichael Thomas
84%
39OTDALTyron Smith
84%
33RBKCKareem Hunt
83%
94QBWASKirk Cousins
83%
12LBCARLuke Kuechly
83%
23CBARIPatrick Peterson
83%
56QBLACPhillip Rivers
83%
67LBJAXTelvin Smith
83%
45WRGBDavante Adams
82%
60QBOAKDerek Carr
82%
54RBDALEzekiel Elliott
82%
41WRLACKeenan Allen
81%
21LBSEABobby Wagner
79%
65WRMINStephon Diggs
78%
36WRMINAdam Thielen
77%
43RBNOMark Ingram
77%
76DELACMelvin Ingram
77%
77WRNYGOdell Beckham Jr.
77%
26DENOCameron Jordan
75%
64CBSEARichard Sherman
74%
68TEPHIZach Ertz
74%
14DEJAXCalais Campbell
73%
37DELACJoey Bosa
73%
30RBBUFLeSean McCoy
73%
32DEHOUJadeveon Clowney
72%
70RBATLDevonta Freeman
68%
58RBJAXLeonard Fournette
68%
51QBMINCase Keenum
67%
69DTPHIFletcher Cox
64%
52WRMIAJarvis Landry
64%
49CBDETDarius Slay
63%
34DEDALDemarcus Lawrence
63%
86CBDENChris Harris Jr.
62%
71OGDALZack Martin
62%
75SSEAKam Chancellor
61%
48DEPITCameron Hayward
60%
59CBLACCasey Hayward
60%
99WRSEADoug Baldwin
59%
89TESEAJimmy Graham
59%
82CBNOMarshon Lattimore
59%
57OTWASTrent Williams
59%
35CBJAXA.J. Bouye
58%
63DTCINGene Atkins
58%
97RBSFCarlos Hyde
57%
62SBUFMicah Hyde
57%
61DTMIANdamukong Suh
57%
53CBDENAqib Talib
55%
72TETENDelanie Walker
55%
90QBSFJimmy Garoppolo
53%
55CBMINXavier Rhodes
53%
95OTPHILane Johnson
52%
47LBPITRyan Shazier
51%
73LBCARThomas Davis
47%
92SNYGLandon Collins
46%
19DEMINEverson Griffen
45%
87OTLARAndrew Whitworth
43%
44OGPITDavid DeCastro
43%
100SGBHa Ha Clinton-Dix
43%
74DEMIACameron Wake
42%
80STENKevin Byard
42%
96SPHIMalcolm Jenkins
40%
78OTTENTaylor Lewan
40%
98LBBALC.J. Mosley
36%
91OTGBDavid Bakhtiari
36%
66DTTENJurrell Casey
36%
83DTMINLinval Joseph
30%
93DTGBMike Daniels
23%
88DEJAXYannick Ngakoue
23%
85LBOAKBruce Irvin
18%

Score Distribution

Percentile by Number Answered

Percent of People with Each Score

Your Score History

You have not taken this quiz